<?xml version="1.0" encoding="UTF-8"?>
<record
    xmlns:xsi="http://www.w3.org/2001/XMLSchema-instance"
    xsi:schemaLocation="http://www.loc.gov/MARC21/slim http://www.loc.gov/standards/marcxml/schema/MARC21slim.xsd"
    xmlns="http://www.loc.gov/MARC21/slim">

  <leader>01051nam a2200169Ia 4500</leader>
  <controlfield tag="008">120626s9999    xx            000 0 und d</controlfield>
  <datafield tag="020" ind1=" " ind2=" ">
    <subfield code="a">968-444-419-2</subfield>
  </datafield>
  <datafield tag="050" ind1=" " ind2=" ">
    <subfield code="a">QA76.9D3 D38 2001</subfield>
  </datafield>
  <datafield tag="100" ind1=" " ind2=" ">
    <subfield code="a">DATE, C. J.</subfield>
  </datafield>
  <datafield tag="245" ind1=" " ind2=" ">
    <subfield code="a">Introducci&#xF3;n a los sistemas de bases de datos / C. J. Date ; traducci&#xF3;n:  Sergio Luis Mar&#xED;a Ruiz Faud&#xF3;n y Sergio Kourchenko Barrena ; edici&#xF3;n: Jos&#xE9; Luis V&#xE1;zquez ; revisi&#xF3;n t&#xE9;cnica: Felipe L&#xF3;pez Gamino</subfield>
  </datafield>
  <datafield tag="250" ind1=" " ind2=" ">
    <subfield code="a">7</subfield>
  </datafield>
  <datafield tag="260" ind1=" " ind2=" ">
    <subfield code="a">M&#xE9;xico : Pearson Educaci&#xF3;n</subfield>
  </datafield>
  <datafield tag="300" ind1=" " ind2=" ">
    <subfield code="a">xxii, 936 p. : il., diagrs., tablas ; 23 cm.</subfield>
  </datafield>
  <datafield tag="500" ind1=" " ind2=" ">
    <subfield code="a">Contiene: &#xED;ndice anal&#xED;tico \ Cada cap&#xED;tulo incluye: resumen, ejercicios, respuestas a ejercicios seleccionados, referencias y bibliograf&#xED;a \ Ap&#xE9;ndices: A.Expresiones SQL B. Una panor&#xE1;mica de SQL3 C. Abreviaturas, acr&#xF3;nimos y s&#xED;mbolos \ Traducido de la s&#xE9;p</subfield>
  </datafield>
  <datafield tag="650" ind1=" " ind2=" ">
    <subfield code="a">BASES DE DATOS - ARQUITECTURA \ SQL \ VISTAS</subfield>
  </datafield>
  <datafield tag="700" ind1=" " ind2=" ">
    <subfield code="a">RUIZ FAUD&#xD3;N, Sergio Luis Mar&#xED;a (tr.) \ KOURCHENKO BARRENA, Sergio (tr.) \ V&#xC1;ZQUEZ, Jos&#xE9; Luis (ed.) \ L&#xD3;PEZ GAMINO, Felipe (rev. t&#xE9;c.)&#xCC;</subfield>
  </datafield>
  <datafield tag="952" ind1=" " ind2=" ">
    <subfield code="0">0</subfield>
    <subfield code="1">0</subfield>
    <subfield code="2">ddc</subfield>
    <subfield code="4">0</subfield>
    <subfield code="7">0</subfield>
    <subfield code="a">22</subfield>
    <subfield code="b">22</subfield>
    <subfield code="d">2010-11-22</subfield>
    <subfield code="l">0</subfield>
    <subfield code="o">QA76.9D3 D38 2001</subfield>
    <subfield code="p">17 001007</subfield>
    <subfield code="r">2023-08-01</subfield>
    <subfield code="t">1</subfield>
    <subfield code="w">2012-06-26</subfield>
    <subfield code="y">LB</subfield>
    <subfield code="f"></subfield>
  </datafield>
  <datafield tag="952" ind1=" " ind2=" ">
    <subfield code="0">0</subfield>
    <subfield code="1">0</subfield>
    <subfield code="2">ddc</subfield>
    <subfield code="4">0</subfield>
    <subfield code="7">0</subfield>
    <subfield code="a">22</subfield>
    <subfield code="b">22</subfield>
    <subfield code="d">2010-11-25</subfield>
    <subfield code="l">0</subfield>
    <subfield code="o">QA76.9D3 D38 2001</subfield>
    <subfield code="p">17 001060</subfield>
    <subfield code="r">2023-08-01</subfield>
    <subfield code="t">2</subfield>
    <subfield code="w">2012-06-26</subfield>
    <subfield code="y">LB</subfield>
    <subfield code="f"></subfield>
  </datafield>
  <datafield tag="999" ind1=" " ind2=" ">
    <subfield code="c">73627</subfield>
    <subfield code="d">73627</subfield>
  </datafield>
</record>
